Macroeconomics : (Record no. 7625)

MARC details
000 -LEADER
fixed length control field 00587cam a22002052 4500
001 - CONTROL NUMBER
control field 0000008538
005 - DATE AND TIME OF LATEST TRANSACTION
control field 20151217152035.0
008 - FIXED-LENGTH DATA ELEMENTS--GENERAL INFORMATION
fixed length control field 080422s xx 000 0 eng d
020 ## - INTERNATIONAL STANDARD BOOK NUMBER
International Standard Book Number 8121904331 :
Terms of availability KES 1690
040 ## - CATALOGING SOURCE
Original cataloging agency KABU
Transcribing agency KABU
100 1# - MAIN ENTRY--PERSONAL NAME
Personal name Ahuja, H. L.
-- 0000159176
245 10 - TITLE STATEMENT
Title Macroeconomics :
Remainder of title theory and policy /
Statement of responsibility, etc. H. L. Ahuja.
250 ## - EDITION STATEMENT
Edition statement 13th ed.
260 ## - PUBLICATION, DISTRIBUTION, ETC. (IMPRINT)
Place of publication, distribution, etc. New Delhi :
Name of publisher, distributor, etc. S. Chand,
Date of publication, distribution, etc. 2008.
300 ## - PHYSICAL DESCRIPTION
Extent xvi, 760 p.
650 #0 - SUBJECT ADDED ENTRY--TOPICAL TERM
Topical term or geographic name as entry element Macroeconomics.
-- 0000149933
908 ## - PUT COMMAND PARAMETER (RLIN)
Put command parameter 080422
950 ## - LOCAL HOLDINGS (RLIN)
-- 1
Holdings
Withdrawn status Lost status Source of classification or shelving scheme Not for loan Home library Current library Shelving location Date acquired Total Checkouts Total Renewals Full call number Barcode Date last seen Date last checked out Price effective from Koha item type Copy number
    Library of Congress Classification   Kabarak, Main Campus Kabarak, Main Campus General Stacks 17/12/2015 40 4 HB172.5 .A38 2008 c. 1 027480 29/03/2025 20/03/2025 17/12/2015 General Collection  
    Library of Congress Classification   Kabarak, Main Campus Kabarak, Main Campus   17/12/2015 29 3 HB172.5 .A38 2008 c. 2 34273 06/10/2025 18/09/2025 17/12/2015 General Collection C.2
    Library of Congress Classification   Kabarak, Main Campus Kabarak, Nakuru City Campus   17/12/2015 22 8 HB172.5 .A38 2008 c. 3 006127 31/03/2026 26/03/2026 17/12/2015 General Collection  
Designed with assistance from East African Informatics Ltd